5HLuxD.jpg

KING HENRY VIII SENIOR AND PRIMARY SCHOOL LIBRARY OPAC

Wolfboy is scared (Record no. 5958)

000 -LEADER
fixed length control field 00969nam a22002657a 4500
003 - CONTROL NUMBER IDENTIFIER
control field OSt
005 - DATE AND TIME OF LATEST TRANSACTION
control field 20251205093232.0
008 - FIXED-LENGTH DATA ELEMENTS--GENERAL INFORMATION
fixed length control field 251205b ||||| |||| 00| 0 eng d
020 ## - INTERNATIONAL STANDARD BOOK NUMBER
International Standard Book Number 9781547604456
Qualifying information (hardcover)
040 ## - CATALOGING SOURCE
Original cataloging agency DLC
Language of cataloging eng
Description conventions rda
Transcribing agency DLC
Modifying agency KH8
082 0# - DEWEY DECIMAL CLASSIFICATION NUMBER
Classification number 813.6 HAR
100 1# - MAIN ENTRY--PERSONAL NAME
Personal name Harkness, Andy
Relator term author
-- artist
245 10 - TITLE STATEMENT
Title Wolfboy is scared
Statement of responsibility, etc. Andy Harkness.
264 #1 - PRODUCTION, PUBLICATION, DISTRIBUTION, MANUFACTURE, AND COPYRIGHT NOTICE
Place of production, publication, distribution, manufacture New York
Name of producer, publisher, distributor, manufacturer Bloomsbury Children's Books
Date of production, publication, distribution, manufacture, or copyright notice 2023
300 ## - PHYSICAL DESCRIPTION
Extent 1 volume (unpaged)
Other physical details color illustrations
Dimensions 29 cm x 22 cm
520 ## - SUMMARY, ETC.
Summary, etc. Even though Wolfboy claims he is not afraid of the Grumble Monster, things start to get spooky when he walks through the monster's lair with his rabbit friends.
521 ## - TARGET AUDIENCE NOTE
Target audience note Ages 3-6.
Source Bloomsbury Children's Books.
521 ## - TARGET AUDIENCE NOTE
Target audience note Grades K-1.
Source Bloomsbury Children's Books.
650 #1 - SUBJECT ADDED ENTRY--TOPICAL TERM
Topical term or geographic name entry element Fear
Form subdivision Fiction
650 #1 - SUBJECT ADDED ENTRY--TOPICAL TERM
Topical term or geographic name entry element Wolves
Form subdivision Fiction
650 #1 - SUBJECT ADDED ENTRY--TOPICAL TERM
Topical term or geographic name entry element Rabbits
Form subdivision Fiction
650 #1 - SUBJECT ADDED ENTRY--TOPICAL TERM
Topical term or geographic name entry element Monsters
Form subdivision Fiction
655 #7 - INDEX TERM--GENRE/FORM
Genre/form data or focus term Monster fiction
942 ## - ADDED ENTRY ELEMENTS (KOHA)
Source of classification or shelving scheme
Koha item type Books - Fiction
Holdings
Withdrawn status Lost status Source of classification or shelving scheme Damaged status Not for loan Collection code Permanent Location Current Location Shelving location Date acquired Source of acquisition Full call number Barcode Date last seen Price effective from Koha item type Public note
          Fiction KH8 Primary School Library KH8 Primary School Library Fiction 2025-12-05 OE BOOKS 813.6 HAR KHPL000008177 2025-12-05 2025-12-05 Books - Fiction PRIMARY LIBRARY

Powered By KH8 IT Dept